00333nam a2200109Ia 4500008004100000040001700041041001200058082001300070100001000083245011900093300001100212230917s9999||||xx |||||||||||||| ||und|| e169254aMAIN aEnglish a373 A55I aAnita 0aImpact of parenting techniques on emotional stability, self confidence and achivement of secondary school students a235 p.